000 00548nam a2200181Ia 4500
999 _c21760
_d21760
003 OSt
005 20200518095244.0
008 190216s9999||||xx |||||||||||||| ||und||
020 _a8130700271
040 _coclc
082 _a909
_bLAN/A
100 _aLane-Poole, Stanley
_92361
245 0 _aIndian Rulers Aurangzib /
_cStanley Lane-Poole
260 _bCosmo Publications,
_c2014.
_a New Delhi:
300 _a212p
650 0 _aHistory & geography
_92271
_vIslamic History
942 _cBK
_2ddc
_h909
_iLAN/A
_k909
_mLAN/A